Hlavné mestá štátov Severnej Ameriky - Statistics

General Stats
  • This quiz has been taken 33 times
  • The average score is 12 of 23
Answer Stats
Štát Hlavné mesto % Correct
Mexiko Mexiko
94%
Kanada Ottawa
94%
Spojené štáty americké Washington D.C.
82%
Kuba Havana
76%
Jamajka Kingston
71%
Guatemala Guatemala
59%
Panama Panama
59%
Honduras Tegucigalpa
59%
Bahamy Nassau
53%
Dominikánska republika Santo Domingo
53%
Kostarika San José
47%
Belize Belmopan
41%
Barbados Bridgetown
41%
Nikaragua Managua
41%
Haiti Port-au-Prince
41%
Trinidad a Tobago Port-of-Spain
41%
Salvádor San Salvador
41%
Grenada Saint George's
35%
Svätá Lucia Castries
29%
Dominika Roseau
29%
Antigua a Barbuda Saint John's
29%
Svätý Krištof a Nevis Basseterre
24%
Svätý Vincent a Grenadíny Kingstown
24%
No matching quizzes found
Score Distribution
Percent of People with Each Score
Percentile by Number Answered
Your Score History
You have not taken this quiz